| 000 | 01776cam a22003255a 4500 | ||
|---|---|---|---|
| 003 | EG-ScBUE | ||
| 005 | 20211122102449.0 | ||
| 008 | 100420s2004 ua f e 000 0 ara d | ||
| 040 |
_aEG-SbBUE _bara _erda _cEG-SbBUE _dEG-SbBUE |
||
| 082 | 0 | 4 |
_a039.927 _bق ل ق _222 |
| 100 | 1 |
_aالقلقشندي، أحمد بن علي، _d756-821 هـ.، _eمؤلف. _913629 |
|
| 245 | 1 | 0 |
_aكتاب صبح الأعشي / _cتأليف الشيخ أبي العباس أحمد القلقشندي ؛ قدم هذه الطبعة أ. د. فوزي محمد أمين ؛ إعداد محمد قنديل البقلي. |
| 246 | 3 | 0 | _aصبح الأعشي |
| 264 | 1 |
_aالقاهرة : _bالهيئة العامة لقصور الثقافة، _c[2004] |
|
| 300 |
_a16 مجلد ؛ _c24 سم. |
||
| 336 |
_2rdacontent _aنص _btxt |
||
| 337 |
_2rdamedia _aبدون وسيط _bn |
||
| 338 |
_2rdacarrier _aمجلد _bnc |
||
| 490 | 0 |
_aالذخائر ؛ _v134، 135، 136، 138، 139، 140، 142، 143، 144، 145 |
|
| 505 | 2 | _aالجزء الخامس -- الجزء السادس -- الجزء السابع -- الجزء التاسع -- الجزء العاشر -- الجزء الحادي عشر -- الجزء الثالث عشر -- الجزء الرابع عشر -- الجزء الخامس عشر. مصطلحات صبح الأعشى -- الجزء السادس عشر. فهارس صبح الأعشى. | |
| 590 | _amahmoud sami | ||
| 650 | 7 |
_921717 _aدوائر المعارف العربية. _2BUEsh |
|
| 650 | 7 |
_921718 _aكتابة الرسائل. _2BUEsh |
|
| 651 | _2BUEsh | ||
| 653 |
_bGGEN _cAugust2015 |
||
| 655 |
_vReading book _934232 |
||
| 700 | 1 |
_aأمين، فوزي محمد، _eمقدم. _913632 |
|
| 700 | 1 |
_aالبقلي، محمد قنديل، _eمعد. |
|
| 942 |
_2ddc _cREFERENCE |
||
| 999 |
_c13919 _d13919 |
||